000
00319nam a22001217a 4500
082
_a
200.1 SEK
100
_a
Sekhar SJ, Vincent
245
_a
Engaged & Enmeshed: Religions in Society in India
260
_a
Chennai, Tamilnadu
_b
ICDR, Loyola College
_c
2017
300
_a
212
650
_a
Religion-Sociology
942
_c
BK
999
_c
20619
_d
20619